<?xml version="1.0" encoding="UTF-8"?>
<collection xmlns="http://www.loc.gov/MARC21/slim">
 <record>
  <leader>03204nam a2200325 a 4500</leader>
  <controlfield tag="001">1/45058</controlfield>
  <controlfield tag="008">140725s2006    ne            001 0 eng  </controlfield>
  <datafield tag="020" ind1=" " ind2=" ">
   <subfield code="a">9780123694225</subfield>
  </datafield>
  <datafield tag="020" ind1=" " ind2=" ">
   <subfield code="a">0123694221</subfield>
  </datafield>
  <datafield tag="035" ind1=" " ind2=" ">
   <subfield code="l">48016</subfield>
  </datafield>
  <datafield tag="040" ind1=" " ind2=" ">
   <subfield code="a">OPELS</subfield>
   <subfield code="b">eng</subfield>
   <subfield code="c">OPELS</subfield>
   <subfield code="d">OCLCQ</subfield>
   <subfield code="d">OCLCF</subfield>
   <subfield code="d">GR-PeUP</subfield>
  </datafield>
  <datafield tag="245" ind1="0" ind2="0">
   <subfield code="a">Mobile broadband multimedia networks</subfield>
   <subfield code="h">[electronic resource] :</subfield>
   <subfield code="b">techniques, models and tools for 4G /</subfield>
   <subfield code="c">edited by Luβis M. Correia.</subfield>
  </datafield>
  <datafield tag="250" ind1=" " ind2=" ">
   <subfield code="a">1st ed.</subfield>
  </datafield>
  <datafield tag="260" ind1=" " ind2=" ">
   <subfield code="a">Amsterdam ;</subfield>
   <subfield code="a">London :</subfield>
   <subfield code="b">Elsevier/Academic Press,</subfield>
   <subfield code="c">2006.</subfield>
  </datafield>
  <datafield tag="300" ind1=" " ind2=" ">
   <subfield code="a">1 online resource (xxviii, 569 p.) :</subfield>
   <subfield code="b">ill.</subfield>
  </datafield>
  <datafield tag="520" ind1=" " ind2=" ">
   <subfield code="a">Mobile Broadband Multimedia Networks: Techniques, Models and Tools for 4th Generation Communication Networks provides the main results of the prestigious and well known European COST 273 research project on the development of next generation mobile and wireless communication systems. Based on the applied research of over 350 participants in academia and industry, this book focuses on the radio aspects of mobile and wireless broadband multimedia communications, by exploring and developing new methods, models, techniques, strategies and tools towards the implementation of 4th generation mobile and wireless communication systems. This complete reference includes topics ranging from transmission and signal processing techniques to antennas and diversity, ultra wide band, MIMO and reference scenarios for radio network simulation and evaluation. This book will be an ideal source of the latest developments in mobile multimedia broadband technologies for researchers, R &amp; D engineers, graduates and engineers in industry implementing simulation models and conducting measurements. * Based on the well known and respected research of the COST 273 project Towards Mobile Broadband Multimedia Networks', whose previous models have been adopted by standardisation bodies such as ITU, ETSI and 3GPP * Gives methods, techniques, models and tools for developing 4th generation mobile and wireless communication systems * Includes the latest development of key technologies and methods such as MIMO systems, ultra wide-band and OFDM.</subfield>
  </datafield>
  <datafield tag="505" ind1="0" ind2=" ">
   <subfield code="a">Preface -- List of contributors and editors -- List of acronyms -- 1 Introduction -- 2 Transmission techniques -- 3 Signal processing -- 4 Propagation modelling and channel characterisation -- 5 Antennas and diversity: from narrow band to ultra wide band -- 6 MIMO channel modelling -- 7 MIMO systems -- 8 Radio network aspects -- 9 UMTS radio networks -- Index.</subfield>
  </datafield>
  <datafield tag="500" ind1=" " ind2=" ">
   <subfield code="a">&quot;This book represents the research work of COST 273&quot;--Pref.</subfield>
  </datafield>
  <datafield tag="504" ind1=" " ind2=" ">
   <subfield code="a">Includes bibliographical references and index.</subfield>
  </datafield>
  <datafield tag="650" ind1=" " ind2="4">
   <subfield code="a">Broadband communication systems.</subfield>
  </datafield>
  <datafield tag="650" ind1=" " ind2="4">
   <subfield code="a">Wireless communication systems.</subfield>
  </datafield>
  <datafield tag="650" ind1="1" ind2="4">
   <subfield code="a">Breedband.</subfield>
  </datafield>
  <datafield tag="650" ind1="1" ind2="4">
   <subfield code="a">Multimedia.</subfield>
  </datafield>
  <datafield tag="655" ind1=" " ind2="4">
   <subfield code="a">Electronic books.</subfield>
  </datafield>
  <datafield tag="700" ind1="1" ind2=" ">
   <subfield code="a">Correia, Luis M.</subfield>
  </datafield>
  <datafield tag="710" ind1="2" ind2=" ">
   <subfield code="a">European Cooperation in the Field of Scientific and Technical Research (Organization)</subfield>
  </datafield>
  <datafield tag="852" ind1=" " ind2=" ">
   <subfield code="a">INST</subfield>
   <subfield code="b">UNIPILB</subfield>
   <subfield code="c">EBOOKS</subfield>
   <subfield code="e">20140725</subfield>
   <subfield code="p">00b48016</subfield>
   <subfield code="q">00b48016</subfield>
   <subfield code="t">ONLINE</subfield>
   <subfield code="y">0</subfield>
  </datafield>
  <datafield tag="856" ind1="4" ind2="0">
   <subfield code="3">ScienceDirect</subfield>
   <subfield code="u">http://www.sciencedirect.com/science/book/9780123694225</subfield>
  </datafield>
  <datafield tag="856" ind1="4" ind2=" ">
   <subfield code="d">/webopac/covers/03/48016_9780123694225.jpg</subfield>
  </datafield>
  <datafield tag="856" ind1="4" ind2=" ">
   <subfield code="d">/webopac/covers/03/48016_0123694221.jpg</subfield>
  </datafield>
 </record>
</collection>
